Encuesta al profesorado de primaria y secundaria de la enseñanza pública: opiniones y actitudes ante sus condiciones de trabajo

Zapisane w:
Opis bibliograficzny
Główni autorzy: Fernández Sánchez, María del Mar (Autor), Navarro Seda, Cecilia (Autor), Higuera Torrón, Carmen (Autor), Martínez Castro, Emilia (Autor)
Format: Książka
Język:hiszpański
Wydane: Madrid Ministerio de Educación y Ciencia 1993
Hasła przedmiotowe:
Etykiety: Dodaj etykietę
Nie ma etykietki, Dołącz pierwszą etykiete!

MARC

LEADER 00000nam a2200000 a 4500
001 UCN9360
003 CL-VaPUC
008 011130e19930000SP |||||||||||||||||spa|d
082 0 4 |a 371.1  |b FER  |2 21 
100 0 |a Fernández Sánchez, María del Mar  |e author  |9 465925 
700 0 |a Navarro Seda, Cecilia  |e author  |9 465926 
700 0 |a Higuera Torrón, Carmen  |e author  |9 465927 
700 0 |a Martínez Castro, Emilia  |e author  |9 465928 
245 1 0 |a Encuesta al profesorado de primaria y secundaria de la enseñanza pública: opiniones y actitudes ante sus condiciones de trabajo 
300 |a 233 p 
942 |c BK 
945 |d 20011130 00:00:00  |a crobeson 
260 |a Madrid  |b Ministerio de Educación y Ciencia  |c 1993 
650 7 |a PROFESORADO - CONDICIONES DE TRABAJO  |2 CL-VaPUC  |9 465929 
650 7 |a PROFESORADO - ENSEÑANZA PUBLICA  |2 CL-VaPUC  |9 465930 
650 7 |a PROFESORADO - ENCUESTAS  |2 CL-VaPUC  |9 465931 
583 |a last modification  |c 20011130 00:00:00  |k Rodrigo Vera 
999 |c 298799  |d 298797 
952 |0 0  |1 0  |4 0  |6 371_100000000000000_FER_1993  |7 0  |8 A  |9 354731  |a BIBHIS  |b BIBHIS  |d 2019-11-21  |i 3776034  |o 371.1 FER 1993  |p 3776034  |r 2025-01-20  |w 2019-11-21  |y BK  |k HIS